| Tag |
First Indicator |
Second Indicator |
Subfields |
| LEADER |
00000cam a2200000 a 4500 |
| 001 |
in00002783130 |
| 005 |
20220106085127.0 |
| 006 |
m d f |
| 007 |
cr bn||||||||| |
| 008 |
121031s2012 dcu oz f000 0 eng c |
| 035 |
|
|
|a (OCoLC)ocn815525514
|
| 040 |
|
|
|a GPO
|c GPO
|d MvI
|d UtOrBLW
|
| 042 |
|
|
|a pcc
|
| 043 |
|
|
|a n-us---
|a e-fr---
|
| 049 |
|
|
|a WWW
|
| 074 |
|
|
|a 0899-A-01 (online)
|
| 086 |
0 |
|
|a S 9.10:12-702
|
| 110 |
1 |
|
|a France.
|
| 240 |
1 |
0 |
|a Treaties, etc.
|g United States,
|d 2012 April 10
|
| 245 |
1 |
0 |
|a Atomic energy :
|b information exchange : agreement between the United States of America and France, signed at Fontenay aux Roses and Rockville, April 10 and July 2, 2012, with appendices.
|
| 246 |
3 |
0 |
|a Agreement between the United States of America and France, signed at Fontenay aux Roses and Rockville, April 10 and July 2, 2012, with appendices
|
| 264 |
|
1 |
|a [Washington, D.C.] :
|b U.S. Dept. of State,
|c [2012?]
|
| 300 |
|
|
|a 1 online resource (19 unnumbered pages).
|
| 336 |
|
|
|a text
|b txt
|2 rdacontent
|
| 337 |
|
|
|a computer
|b c
|2 rdamedia
|
| 338 |
|
|
|a online resource
|b cr
|2 rdacarrier
|
| 490 |
1 |
|
|a Treaties and other international acts series ;
|v 12-702
|
| 500 |
|
|
|a Title from title screen (viewed on Oct. 31, 2012).
|
| 500 |
|
|
|a Electronic resource.
|
| 650 |
|
0 |
|a Nuclear reactors
|x Cooling
|x International cooperation.
|
| 650 |
|
0 |
|a Communication of technical information
|z United States.
|
| 650 |
|
0 |
|a Communication of technical information
|z France.
|
| 710 |
1 |
|
|a United States.
|b Department of State.
|
| 830 |
|
0 |
|a Treaties and other international acts series ;
|v 12-702.
|
| 856 |
4 |
0 |
|u https://purl.fdlp.gov/GPO/gpo30672
|t 0
|
| 999 |
|
|
|a MARS
|
| 999 |
f |
f |
|s 2a650b1d-7115-357a-8230-a5c46c2f509f
|i 4471526e-5db7-3d15-8341-f5bc5defe592
|t 0
|
| 952 |
f |
f |
|a Texas A&M University
|b College Station
|c Electronic Resources
|d Available Online
|t 0
|e S 9.10:12-702
|h Superintendent of Documents classification
|
| 998 |
f |
f |
|a S 9.10:12-702
|t 0
|l Available Online
|